Statistics for Artists who have a their Own Star and a Star for their Group on the "Hollywood Walk of Fame"

Click here to take the quiz!

General Stats

  • This quiz has been taken 52 times
  • The average score is 6 of 7

Answer Stats

Group/BandArtist% Correct
The Jackson 5Michael Jackson
100%
The BeatlesJohn Lennon
98%
The BeatlesPaul McCartney
95%
The BeatlesRingo Starr
89%
The BeatlesGeorge Harrison
86%
The SupremesDiana Ross
77%
The MiraclesSmokey Robinson
45%

Score Distribution

Percentile by Number Answered

Percent of People with Each Score

Your Score History

You have not taken this quiz